Statistics for Asia Geography Decoder

Click here to take the quiz!

General Stats

  • This quiz has been taken 4,078 times
    (4,040 since last reset)
  • The average score is 15 of 24

Answer Stats

Clue Answer % Correct
JIndonesia's capitalJakarta
89%
SVast region in RussiaSiberia
88%
ETimor-Leste in English{East} Timor
87%
RChinese staple cropRice
84%
NCity hit by an atomic bombNagasaki
83%
P"Country" next to IsraelPalestine
81%
DCapital of India?Delhi
77%
OArtistic paper foldingOrigami
75%
ACambodian temple{Angkor} Wat
75%
AKardashian family's countryArmenia
73%
YHuang He ( _____ river)Yellow
71%
AThere are 1001 of these nightsArabian
70%
ECompanion of the TigrisEuphrates
67%
RMecca country's capitalRiyadh
66%
T"Republic of China"Taiwan
63%
AFirst country alphabeticallyAfghanistan
62%
IMainland Southeast AsiaIndochina
58%
ASite of the Taj MahalAgra
56%
UWorld's coldest capitalUlaanbaatar
48%
KTallest mountain in PakistanK2
48%
TSite of an epic Homeric warTroy
45%
RSea bordering 8 countriesRed
39%
Final Asian LocationSri Jayawardenapura Kotte
22%
WLanguage of 80 mil. speakersWu
16%

Score Distribution

Percentile by Number Answered

Percent of People with Each Score

Your Score History

You have not taken this quiz since the last reset